Differential Calculus (Record no. 5063)
[ view plain ]
| 000 -LEADER | |
|---|---|
| fixed length control field | 00468nam a2200169Ia 4500 |
| 008 - FIXED-LENGTH DATA ELEMENTS--GENERAL INFORMATION | |
| fixed length control field | 151213s9999 xx 000 0 und d |
| 082 ## - DEWEY DECIMAL CLASSIFICATION NUMBER | |
| Classification number | 515.33 |
| Item number | 515.33 |
| 100 ## - MAIN ENTRY--PERSONAL NAME | |
| Personal name | B.C. Das/ B.N. Mukherjee |
| 245 ## - TITLE STATEMENT | |
| Title | Differential Calculus |
| Statement of responsibility, etc. | B.C. Das/ B.N. Mukherjee |
| 250 ## - EDITION STATEMENT | |
| Edition statement | 43th |
| 260 ## - PUBLICATION, DISTRIBUTION, ETC. (IMPRINT) | |
| Place of publication, distribution, etc. | Calcutta |
| Name of publisher, distributor, etc. | U.N. Dhar & Sons Private Ltd |
| Date of publication, distribution, etc. | 1997 |
| 300 ## - PHYSICAL DESCRIPTION | |
| Extent | 11879 p. |
| 650 ## - SUBJECT ADDED ENTRY--TOPICAL TERM | |
| Topical term or geographic name as entry element | Mathematics |
| 650 ## - SUBJECT ADDED ENTRY--TOPICAL TERM | |
| Topical term or geographic name as entry element | Mathematics |
| 700 ## - ADDED ENTRY--PERSONAL NAME | |
| Personal name | B.C. Das/ B.N. Mukherjee |
No items available.
